01164nas a22002537a 4500999001700000005001700017007001200034008004100046022001400087040000900101082001500110210003300125245008300158260004000241300001600281310001500297365001600312500041200328650007000740651001600810655002000826856003500846942002900881 c40850d4085020200515100950.0cz aa aaaaa200428c f||poo|||| 00| 0 eng d a2706-9591 coclc a658bJOU/M aInt. J. Tourism Hotel Manage aInternational Journal of Tourism and Hotel Managementhe-Journal (Open Access) bData One EnterprisesaDelhi, India  aPDF(online) aSemiannual eOpen Access aAn international peer-reviewed journal publishing high quality research and review articles related to: Corporate Governance Customer Satisfaction, Decision Analysis, E-business, E-Tourism, Finance management, Food Service, Hotel Management, Human Resource Information, Leadership, Manufacturing, Managerial Economics, Internet role in telecommunications, investor relations, and Production management, etc. 0aTechnologyvManagementzManagement & auxiliary services92324 092254aIndia 092257ae-Journal uhttp://www.tourismjournal.net/ 2ddccEJh658k658mJOU/M